Countries and their Abbreviations - Statistics

General Stats
  • This quiz has been taken 73 times
    72 since last reset
  • The average score is 114 of 195
Answer Stats
Abbr. Country % Correct
CZ Czech Republic
90%
FR France
90%
FI Finland
88%
HU Hungary
88%
IT Italy
88%
AL Albania
86%
BE Belgium
86%
DK Denmark
84%
GR Greece
80%
IQ Iraq
80%
LT Lithuania
80%
NO Norway
80%
DE Germany
78%
JP Japan
78%
JO Jordan
78%
LV Latvia
78%
LU Luxembourg
78%
RU Russia
78%
GB United Kingdom
78%
AD Andorra
76%
IN India
76%
IR Iran
76%
PL Poland
76%
ES Spain
76%
AF Afghanistan
75%
AU Australia
75%
BT Bhutan
75%
EE Estonia
75%
QA Qatar
75%
RO Romania
75%
AR Argentina
73%
AZ Azerbaijan
73%
BO Bolivia
73%
BR Brazil
73%
BG Bulgaria
73%
EC Ecuador
73%
FJ Fiji
73%
GY Guyana
73%
IS Iceland
73%
NL Netherlands
73%
NZ New Zealand
73%
OM Oman
73%
PY Paraguay
73%
PE Peru
73%
UY Uruguay
73%
CO Colombia
71%
NR Nauru
71%
SR Suriname
71%
VE Venezuela
71%
YE Yemen
71%
AT Austria
69%
GE Georgia
69%
IE Ireland
69%
KI Kiribati
69%
TJ Tajikistan
69%
TV Tuvalu
69%
UZ Uzbekistan
69%
VU Vanuatu
69%
AM Armenia
67%
BZ Belize
67%
DJ Djibouti
67%
DM Dominica
67%
FM Federated States of Micronesia
67%
ID Indonesia
67%
KZ Kazakhstan
67%
KW Kuwait
67%
KG Kyrgyzstan
67%
PG Papua New Guinea
67%
PT Portugal
67%
TH Thailand
67%
VA Vatican City
67%
CL Chile
65%
CY Cyprus
65%
LA Laos
65%
LI Liechtenstein
65%
NP Nepal
65%
PW Palau
65%
SK Slovakia
65%
TO Tonga
65%
VN Vietnam
65%
DO Dominican Republic
63%
GH Ghana
63%
CH Switzerland
63%
AG Antigua and Barbuda
61%
BH Bahrain
61%
BD Bangladesh
61%
CA Canada
61%
ER Eritrea
61%
ET Ethiopia
61%
JM Jamaica
61%
MT Malta
61%
MH Marshall Islands
61%
MX Mexico
61%
PA Panama
61%
PH Philippines
61%
SM San Marino
61%
SE Sweden
61%
BS Bahamas
59%
BB Barbados
59%
BY Belarus
59%
CN China
59%
CR Costa Rica
59%
CU Cuba
59%
HN Honduras
59%
MK Macedonia
59%
MD Moldova
59%
NI Nicaragua
59%
PK Pakistan
59%
RW Rwanda
59%
US United States of America
59%
ZM Zambia
59%
ZW Zimbabwe
59%
LB Lebanon
57%
MC Monaco
57%
SG Singapore
57%
SB Solomon Islands
57%
TM Turkmenistan
57%
BN Brunei
55%
BF Burkina Faso
55%
HR Croatia
55%
GT Guatemala
55%
HT Haiti
55%
ME Montenegro
55%
MZ Mozambique
55%
SI Slovenia
55%
TZ Tanzania
55%
TT Trinidad and Tobago
55%
UG Uganda
55%
BW Botswana
53%
EG Egypt
53%
KE Kenya
53%
MN Mongolia
53%
WS Samoa
53%
SY Syria
53%
TR Turkey
53%
CM Cameroon
51%
GD Grenada
51%
IL Israel
51%
CG Republic of the Congo
51%
SA Saudi Arabia
51%
TW Taiwan
51%
UA Ukraine
51%
GA Gabon
49%
MG Madagascar
49%
LC Saint Lucia
49%
BA Bosnia and Herzegovina
47%
LY Libya
47%
MW Malawi
47%
MY Malaysia
47%
MV Maldives
47%
KN Saint Kitts and Nevis
47%
SO Somalia
47%
KR South Korea
47%
GQ Equatorial Guinea
45%
GN Guinea
45%
NA Namibia
45%
NE Niger
45%
NG Nigeria
45%
KP North Korea
45%
RS Serbia, or Kosovo
45%
TG Togo
45%
CF Central African Republic
43%
VC Saint Vincent and the Grenadines
43%
SS South Sudan
43%
AE United Arab Emirates
43%
AO Angola
41%
MM Burma
41%
GM Gambia
41%
ZA South Africa
41%
SZ Swaziland
41%
BI Burundi
39%
SV El Salvador
39%
LS Lesotho
39%
LR Liberia
39%
SN Senegal
39%
TN Tunisia
39%
KH Cambodia
37%
ML Mali
37%
CV Cape Verde
35%
CD Dem. Republic of the Congo
35%
MR Mauritania
35%
SD Sudan
35%
CI Cote d'Ivoire
33%
GW Guinea-Bissau
33%
MU Mauritius
33%
TL East Timor
29%
ST São Tomé and Príncipe
29%
SC Seychelles
29%
BJ Benin
27%
LK Sri Lanka
25%
TD Chad
24%
SL Sierra Leone
24%
KM Comoros
22%
DZ Algeria
14%
MA Morocco
14%
No matching quizzes found
Score Distribution
Percent of People with Each Score
Percentile by Number Answered
Your Score History
You have not taken this quiz since the last reset